| 000 | 00536nam a2200193 i 4500 | ||
|---|---|---|---|
| 001 | 101385 | ||
| 003 | ES-MaACL | ||
| 005 | 20230906182904.0 | ||
| 007 | t| | ||
| 008 | 051018s1948 fr ||||1| fre d | ||
| 100 | 1 |
_aMaurras, Charles. _979271 |
|
| 245 | 1 | 0 |
_aRéflexions sur la révolution de 1789 / _cpar Charles Maurras. |
| 260 |
_aParis : _bSelf, _c1948. |
||
| 300 |
_aX, 237 p. ; _c19 cm. |
||
| 490 | 1 | _aLes illes d'or | |
| 830 | 0 |
_aLes illes d'or _9182980 |
|
| 852 |
_aES-MaACL _jD-5533 _bR.31059 |
||
| 999 |
_c101385 _d101385 |
||